[Event "Wuerttemberg-chT Rapid"]
[Site "Boeblingen"]
[Date "2024.04.13"]
[Round "2.7"]
[White "Schnepp, Gunnar"]
[Black "Krockenberger, Martin"]
[Result "1-0"]
[WhiteElo "2233"]
[BlackElo "2125"]
[PlyCount "61"]
[EventDate "2024.04.13"]
[EventType "team-tourn"]
[EventRounds "9"]
[EventCountry "GER"]
[SourceTitle "CB17_2024"]
[SourceDate "2024.04.24"]
[SourceVersion "1"]
[SourceVersionDate "2024.04.24"]
[SourceQuality "1"]

1. d4 Nf6 2. c4 e6 3. Nc3 Bb4 4. e3 0-0 5. Bd3 c5 6. Nge2 d5 7. cxd5 exd5 8. 0-0 c4 9. Bc2 Nc6 10. f3 Re8 11. h3 h6 12. a3 Ba5 13. Qe1 b5 14. Bd2 Rb8 15. Rd1 Qe7 16. Qg3 Bc7 17. Qh4 Qd6 18. e4 dxe4 19. Bf4 Qe7 20. Bxc7 Qxc7 21. fxe4 b4 22. axb4 Nxb4 23. Bb1 Qb6 24. Kh1 Bb7 25. e5 Qc6 26. Rf2 Nd3 27. Bxd3 cxd3 28. Rxd3 Nd5 29. Rdf3 Re7 30. Nxd5 Qxd5 31. Qxe7 1-0

[Event "Wuerttemberg-chT Rapid"]
[Site "Boeblingen"]
[Date "2024.04.13"]
[Round "4.27"]
[White "Schraegle, Thorsten"]
[Black "Krockenberger, Martin"]
[Result "1-0"]
[WhiteElo "1918"]
[BlackElo "2125"]
[PlyCount "103"]
[EventDate "2024.04.13"]
[EventType "team-tourn"]
[EventRounds "9"]
[EventCountry "GER"]
[SourceTitle "CB17_2024"]
[SourceDate "2024.04.24"]
[SourceVersion "1"]
[SourceVersionDate "2024.04.24"]
[SourceQuality "1"]

1. d4 Nf6 2. Nc3 d5 3. Bf4 Bf5 4. e3 a6 5. Nf3 e6 6. Ne5 Nbd7 7. g4 Nxe5 8. dxe5 Nxg4 9. f3 Nh6 10. Bd3 Qh4+ 11. Bg3 Qb4 12. Qc1 0-0-0 13. a3 Qc5 14. Bf2 Qc6 15. Qd2 Bc5 16. 0-0-0 d4 17. exd4 Bxd4 18. Bxd4 Rxd4 19. Qe3 Rhd8 20. Be4 Rxd1+ 21. Rxd1 Rxd1+ 22. Kxd1 Bxe4 23. Qxe4 Qxe4 24. Nxe4 Kd7 25. Ng5 Ke7 26. Kd2 f6 27. exf6+ gxf6 28. Ne4 a5 29. Kd3 Nf7 30. b3 f5 31. Nc3 c6 32. Na4 Ne5+ 33. Ke3 b5 34. Nc5 Kd6 35. Nb7+ Kd5 36. Nxa5 Nd7 37. c4+ bxc4 38. Nxc4 e5 39. f4 e4 40. Kd2 Nc5 41. Ne3+ Ke6 42. Kc3 Nb7 43. Kd4 Nd6 44. Kc5 Kd7 45. a4 Kc7 46. b4 h5 47. Kd4 Kd7 48. Ke5 h4 49. a5 Kc7 50. h3 Kd7 51. a6 Kc7 52. a7 1-0

[Event "Staufer op 33rd"]
[Site "Schwaebisch Gmuend"]
[Date "2023.01.02"]
[Round "1"]
[White "Krockenberger, Martin"]
[Black "Peng, Li Min"]
[Result "0-1"]
[WhiteElo "2200"]
[BlackElo "2520"]
[PlyCount "58"]
[EventDate "2023.01.02"]
[EventType "swiss"]
[EventRounds "9"]
[EventCountry "GER"]
[SourceTitle "CBM 212 Extra"]
[Source "ChessBase"]
[SourceDate "2023.03.31"]
[SourceVersion "1"]
[SourceVersionDate "2023.03.31"]
[SourceQuality "1"]

1. d4 Nf6 2. c4 e6 3. g3 d5 4. Nf3 Be7 5. Bg2 0-0 6. 0-0 Nbd7 7. Qc2 a5 8. Nbd2 c5 9. e4 dxc4 10. Nxc4 b5 11. Nce5 Bb7 12. Nxd7 Qxd7 13. e5 Nd5 14. Rd1 c4 15. Qe2 c3 16. Bg5 b4 17. Bxe7 Qxe7 18. Rdc1 Ba6 19. Qc2 Bd3 20. Qxd3 cxb2 21. h4 h6 22. Nd2 bxc1Q+ 23. Rxc1 Rac8 24. Ra1 Rc3 25. Qb5 Qc7 26. Nb3 Rd8 27. Be4 Qb6 28. Qe2 a4 29. Nc5 Ra3 0-1

[Event "Oberliga Wuerttemberg 2122"]
[Site "Wuerttemberg"]
[Date "2021.12.19"]
[Round "4.2"]
[White "Krockenberger, Martin"]
[Black "Jurek, Josef"]
[Result "1/2-1/2"]
[WhiteElo "2229"]
[BlackElo "2204"]
[PlyCount "32"]
[EventDate "2021.09.19"]
[EventType "team-tourn"]
[EventRounds "9"]
[EventCountry "GER"]
[SourceTitle "EXT 2023"]
[Source "ChessBase"]
[SourceDate "2022.10.05"]
[SourceVersion "1"]
[SourceVersionDate "2022.10.05"]
[SourceQuality "1"]
[WhiteTeam "Schmiden/Cannstatt"]
[BlackTeam "Schwaebisch Gmuend"]
[WhiteTeamCountry "GER"]
[BlackTeamCountry "GER"]

1. d4 Nf6 2. Bg5 Ne4 3. Bf4 e6 4. e3 b6 5. Bd3 Bb7 6. f3 Nf6 7. e4 c5 8. Ne2 cxd4 9. Nxd4 d6 10. Be3 Nbd7 11. Nc3 a6 12. Qd2 Be7 13. g4 Ne5 14. g5 Nfd7 15. 0-0-0 Qc7 16. Kb1 Nc4 1/2-1/2

[Event "Oberliga Wuerttemberg 1819"]
[Site "Wuerttemberg"]
[Date "2019.02.17"]
[Round "7"]
[White "Krockenberger, Martin"]
[Black "Degenhard, Simon"]
[Result "0-1"]
[WhiteElo "2191"]
[BlackElo "2235"]
[PlyCount "94"]
[EventDate "2018.09.23"]
[EventType "team-tourn"]
[EventRounds "9"]
[EventCountry "GER"]
[SourceTitle "EXT 2020"]
[Source "ChessBase"]
[SourceDate "2019.10.17"]
[SourceVersion "1"]
[SourceVersionDate "2019.10.17"]
[SourceQuality "1"]
[WhiteTeam "Schmiden Cannstatt"]
[BlackTeam "Heilbronn"]
[WhiteTeamCountry "GER"]
[BlackTeamCountry "GER"]

1. d4 Nf6 2. c4 e6 3. Nc3 d5 4. cxd5 Nxd5 5. e4 Nxc3 6. bxc3 c5 7. a3 g6 8. Nf3 Bg7 9. Be2 Nc6 10. Be3 cxd4 11. cxd4 0-0 12. 0-0 b6 13. Qd3 Ne7 14. a4 Bb7 15. a5 bxa5 16. Rab1 Bc6 17. Bg5 h6 18. Bh4 Qd7 19. Rfd1 Rfd8 20. Rbc1 Ba4 21. Rd2 Rac8 22. Re1 g5 23. Bg3 Nc6 24. Qa3 Nb4 25. Ra1 Bb5 26. Qxa5 Bxe2 27. Rxe2 Nc6 28. Qa6 Nxd4 29. Nxd4 Qxd4 30. Rb1 Qc4 31. Qxc4 Rxc4 32. h4 Rdc8 33. hxg5 Rc1+ 34. Rxc1 Rxc1+ 35. Kh2 hxg5 36. e5 Rc5 37. Kh3 Kh7 38. f3 a5 39. Bh2 Kg6 40. g4 a4 41. Ra2 Ra5 42. Kg2 a3 43. Kf2 Bf8 44. Ke3 Rb5 45. Bg3 Rb3+ 46. Ke4 Bc5 47. Bf2 Rb2 0-1

[Event "Oberliga Wuerttemberg 1819"]
[Site "Wuerttemberg"]
[Date "2019.02.03"]
[Round "6"]
[White "Krockenberger, Martin"]
[Black "Dabo Peranic, Robert"]
[Result "0-1"]
[WhiteElo "2191"]
[BlackElo "2328"]
[PlyCount "54"]
[EventDate "2018.09.23"]
[EventType "team-tourn"]
[EventRounds "9"]
[EventCountry "GER"]
[SourceTitle "EXT 2020"]
[Source "ChessBase"]
[SourceDate "2019.10.17"]
[SourceVersion "1"]
[SourceVersionDate "2019.10.17"]
[SourceQuality "1"]
[WhiteTeam "Schmiden Cannstatt"]
[BlackTeam "Deizisau II"]
[WhiteTeamCountry "GER"]
[BlackTeamCountry "GER"]

1. d4 Nf6 2. c4 g6 3. g3 Bg7 4. Bg2 d6 5. Nf3 0-0 6. Nc3 Nc6 7. 0-0 e5 8. dxe5 dxe5 9. Bg5 Be6 10. Qa4 h6 11. Rad1 Qb8 12. Bxf6 Bxf6 13. Nd5 Bg7 14. Nd2 Nd8 15. Ne4 f5 16. Nc5 c6 17. Nc3 Qc8 18. Rd2 Bf7 19. Rfd1 e4 20. Qb4 Ne6 21. Nxe6 Qxe6 22. Rd7 b6 23. c5 Rfb8 24. cxb6 axb6 25. f3 Bf8 26. Qb3 Bc5+ 27. Kh1 Qxd7 0-1

[Event "Oberliga Wuerttemberg 1819"]
[Site "Wuerttemberg"]
[Date "2018.12.02"]
[Round "4"]
[White "Lemke, Johannes"]
[Black "Krockenberger, Martin"]
[Result "0-1"]
[WhiteElo "2098"]
[BlackElo "2191"]
[PlyCount "134"]
[EventDate "2018.09.23"]
[EventType "team-tourn"]
[EventRounds "9"]
[EventCountry "GER"]
[SourceTitle "EXT 2020"]
[Source "ChessBase"]
[SourceDate "2019.10.17"]
[SourceVersion "1"]
[SourceVersionDate "2019.10.17"]
[SourceQuality "1"]
[WhiteTeam "Sontheim/Brenz"]
[BlackTeam "Schmiden Cannstatt"]
[WhiteTeamCountry "GER"]
[BlackTeamCountry "GER"]

1. d4 Nf6 2. Bf4 g6 3. Nc3 d6 4. Qd2 c6 5. e4 Nbd7 6. f3 Qa5 7. Bc4 Bg7 8. Nge2 b5 9. Bb3 c5 10. Bd5 Nxd5 11. Nxd5 Qxd2+ 12. Kxd2 Rb8 13. c3 Rb7 14. Rhd1 Nb6 15. Nxb6 axb6 16. g4 Ra7 17. a3 Be6 18. e5 dxe5 19. Bxe5 Bxe5 20. dxe5 Bb3 21. Re1 0-0 22. Ke3 Rd7 23. Nf4 Rfd8 24. Rac1 g5 25. Nh3 Rd3+ 26. Ke4 h6 27. Re2 Rd2 28. Ke3 Rxe2+ 29. Kxe2 Bc4+ 30. Ke1 Rd3 31. Ng1 Re3+ 32. Kf2 Rxe5 33. Rd1 Rd5 34. Rxd5 Bxd5 35. b4 Bc4 36. Ke3 e5 37. Nh3 Be6 38. Nf2 c4 39. Ke4 f6 40. Ke3 Kf7 41. Ne4 Ke7 42. Ng3 Bd7 43. Ne4 f5 44. Nf2 Kf6 45. h3 Kg6 46. Ke2 Kf6 47. Ke3 Bc6 48. Nd1 f4+ 49. Ke2 e4 50. Nf2 exf3+ 51. Kf1 Ke5 52. Ke1 Be8 53. Kd2 h5 54. Ke1 hxg4 55. hxg4 Bd7 56. Kd2 Be6 57. Ke1 Bxg4 58. Nxg4+ Ke4 59. Kd2 f2 60. Nxf2+ Kf3 61. Nh3 g4 62. Ng5+ Kg2 63. Ne6 f3 64. Ke3 f2 65. Nf4+ Kf1 66. Ke4 Kg1 67. Ne2+ Kh2 0-1

[Event "Oberliga Wuerttemberg 1718"]
[Site "Wuerttemberg"]
[Date "2018.01.21"]
[Round "6"]
[White "Wunder, Niklas"]
[Black "Krockenberger, Martin"]
[Result "0-1"]
[WhiteElo "2100"]
[BlackElo "2220"]
[PlyCount "102"]
[EventDate "2017.09.17"]
[EventType "team-tourn"]
[EventRounds "9"]
[EventCountry "GER"]
[SourceTitle "EXT 2019"]
[Source "ChessBase"]
[SourceDate "2018.10.10"]
[SourceVersion "1"]
[SourceVersionDate "2018.10.10"]
[SourceQuality "1"]
[WhiteTeam "Weiler im Allgaeu"]
[BlackTeam "Schmiden Cannstatt"]
[WhiteTeamCountry "GER"]
[BlackTeamCountry "GER"]

1. d4 Nf6 2. c4 g6 3. Nc3 Bg7 4. e4 d6 5. Nf3 0-0 6. Be2 e5 7. 0-0 Nc6 8. d5 Ne7 9. b4 Ne8 10. a4 f5 11. Ng5 Nf6 12. f3 c6 13. Qb3 Kh8 14. Rd1 cxd5 15. cxd5 fxe4 16. fxe4 Qb6+ 17. Kh1 Ng4 18. Bxg4 Bxg4 19. Re1 Ng8 20. Be3 Qd8 21. h3 Bh6 22. Ne6 Bxe6 23. dxe6 Qe7 24. Rad1 a6 25. Bxh6 Nxh6 26. Re2 Rfe8 27. Nd5 Qg7 28. Red2 Rad8 29. Nb6 Qe7 30. Nd5 Qh4 31. e7 Rb8 32. Rf1 Ng8 33. Rdf2 Nxe7 34. Rf7 Ng8 35. Qf3 Rec8 36. Rd7 Qh6 37. Qg4 Rf8 38. Rxf8 Rxf8 39. Rxb7 Rf1+ 40. Kh2 Qc1 41. Qe2 Re1 42. Qf2 Rh1+ 43. Kg3 Qg5+ 44. Kf3 Rd1 45. Ne3 Qf4+ 46. Ke2 Rd2+ 47. Kxd2 Qxf2+ 48. Kd3 Nf6 49. b5 axb5 50. axb5 Qb2 51. b6 Qb5+ 0-1

[Event "Stuttgart-chA int"]
[Site "Ditzingen"]
[Date "2016.05.07"]
[Round "5"]
[White "Krockenberger, Martin"]
[Black "Teske, Henrik"]
[Result "0-1"]
[WhiteElo "2208"]
[BlackElo "2487"]
[PlyCount "124"]
[EventDate "2016.05.05"]
[EventType "swiss"]
[EventRounds "7"]
[EventCountry "GER"]
[SourceTitle "EXT 2018"]
[Source "ChessBase"]
[SourceDate "2017.10.13"]
[SourceVersion "1"]
[SourceVersionDate "2017.10.13"]
[SourceQuality "1"]

1. d4 Nf6 2. c4 g6 3. Nc3 d5 4. Nf3 Bg7 5. Qb3 c6 6. cxd5 cxd5 7. Bg5 e6 8. e3 0-0 9. Be2 Nc6 10. 0-0 h6 11. Bxf6 Bxf6 12. Rfc1 Na5 13. Qd1 Bd7 14. Bd3 Rc8 15. Qe2 a6 16. e4 dxe4 17. Nxe4 Bg7 18. Nc5 Bc6 19. Be4 Bb5 20. Qe1 b6 21. Nb7 Nxb7 22. Bxb7 Rc7 23. Be4 Qd6 24. Rxc7 Qxc7 25. Rd1 Rd8 26. h4 Qd6 27. Rd2 Bc4 28. b3 Bb5 29. Qe3 a5 30. h5 gxh5 31. d5 Rc8 32. g3 Rc3 33. Qe1 Bf6 34. Kg2 Kg7 35. dxe6 Qxe6 36. Nd4 Bxd4 37. Rxd4 Rc5 38. Qd1 Rg5 39. Bf3 Bc6 40. Bxc6 Qxc6+ 41. Qf3 Qxf3+ 42. Kxf3 Rf5+ 43. Ke3 Re5+ 44. Kf3 b5 45. Rd6 Rc5 46. Ra6 b4 47. Ke3 f6 48. f3 Kg6 49. Kf4 Rf5+ 50. Ke3 Kg5 51. Ra8 Rc5 52. Kd4 Rc3 53. Rxa5+ f5 54. Ra8 Rxf3 55. Rg8+ Kf6 56. Kc5 f4 57. gxf4 Rxf4 58. Rg2 h4 59. a4 bxa3 60. b4 h3 61. Rh2 Rh4 62. b5 a2 0-1

[Event "BL2-Sued 1415"]
[Site "Germany"]
[Date "2015.02.22"]
[Round "7.5"]
[White "Krockenberger, Martin"]
[Black "Eisenbeiser, Amadeus"]
[Result "0-1"]
[WhiteElo "2169"]
[BlackElo "2363"]
[PlyCount "154"]
[EventDate "2014.09.21"]
[EventType "team-tourn"]
[EventRounds "9"]
[EventCountry "GER"]
[SourceTitle "CBM 166 Extra"]
[Source "ChessBase"]
[SourceDate "2015.06.18"]
[SourceVersion "1"]
[SourceVersionDate "2015.06.18"]
[SourceQuality "1"]
[WhiteTeam "Schmiden Cannstatt"]
[BlackTeam "Buchen"]
[WhiteTeamCountry "GER"]
[BlackTeamCountry "GER"]

1. Nf3 d6 2. g3 e5 3. d3 g6 4. Bg2 Bg7 5. c4 Ne7 6. Nc3 0-0 7. 0-0 d5 8. cxd5 Nxd5 9. Bd2 c6 10. Rc1 h6 11. a3 Be6 12. Ne4 Na6 13. b4 Qd7 14. Qc2 Rfc8 15. Qb1 b6 16. Rfd1 Nac7 17. Nc3 Rab8 18. e4 Ne7 19. Be3 Bg4 20. Rd2 Ne6 21. h3 Bxf3 22. Bxf3 Nd4 23. Bg2 Rd8 24. Rcd1 Qe6 25. Ne2 Nxe2+ 26. Rxe2 Rd6 27. Bf1 Rbd8 28. Rc2 Kh7 29. Qa2 Qxa2 30. Rxa2 f5 31. Rc1 h5 32. a4 Bh6 33. Bxh6 Kxh6 34. b5 c5 35. a5 f4 36. axb6 axb6 37. Ra7 Nc8 38. Ra6 fxg3 39. fxg3 g5 40. Be2 R8d7 41. Rca1 Rf6 42. Ra8 Nd6 43. Rh8+ Rh7 44. Rxh7+ Kxh7 45. Bxh5 Nxb5 46. Bg4 Kg7 47. Ra8 Rf8 48. Rxf8 Kxf8 49. Kf2 Ke7 50. Ke3 Nd6 51. Bd1 Ne8 52. h4 gxh4 53. gxh4 Kf6 54. Kd2 Kg6 55. Kc3 b5 56. Bg4 Nd6 57. Bd1 Kf6 58. Bg4 Ke7 59. Bd1 Ne8 60. Bg4 Nf6 61. Bf3 Nh7 62. Bg4 Nf8 63. Bd1 Ng6 64. h5 Nf4 65. h6 Kf6 66. Bg4 Kg6 67. Kd2 Kxh6 68. Bd7 b4 69. Bb5 Ne6 70. Bc4 Nd4 71. Bd5 Kg5 72. Bc4 Kf4 73. Bd5 Kf3 74. Bc4 Kf2 75. Bd5 Nf3+ 76. Kc2 Ke3 77. Bc4 Ne1+ 0-1

[Event "Gibraltar Masters 13th"]
[Site "Caleta"]
[Date "2015.02.04"]
[Round "9"]
[White "Krockenberger, Martin"]
[Black "Burke, Mitchell R"]
[Result "1/2-1/2"]
[WhiteElo "2152"]
[BlackElo "1928"]
[PlyCount "73"]
[EventDate "2015.01.27"]
[EventType "swiss"]
[EventRounds "10"]
[EventCountry "GGB"]
[SourceTitle "CBM 165"]
[Source "ChessBase"]
[SourceDate "2015.03.11"]
[SourceVersion "1"]
[SourceVersionDate "2015.03.11"]
[SourceQuality "1"]

1. Nf3 g6 2. g3 Bg7 3. Bg2 d6 4. 0-0 e5 5. d3 Ne7 6. c4 0-0 7. Nc3 Nd7 8. Bd2 f5 9. b4 Nf6 10. Qb3 Kh8 11. b5 Nh5 12. a4 f4 13. a5 Rb8 14. Qa3 Bg4 15. Rae1 Qd7 16. e3 Nf5 17. a6 b6 18. Nd5 fxg3 19. fxg3 Ne7 20. e4 Nxd5 21. exd5 h6 22. Qc1 Kh7 23. Be3 Bh3 24. Qc2 Rbe8 25. Nd2 Nf6 26. Ne4 Nxe4 27. dxe4 Rxf1+ 28. Rxf1 Bxg2 29. Qxg2 Rf8 30. Rxf8 Bxf8 31. Qf3 Bg7 32. Kg2 Kg8 33. h3 Kh7 34. g4 Qe7 35. Qf2 Bf6 36. Qd2 Bg5 37. Bxg5 1/2-1/2

[Event "Gibraltar Masters 13th"]
[Site "Caleta"]
[Date "2015.01.31"]
[Round "5"]
[White "Krockenberger, Martin"]
[Black "Gonzalez Espana, Maria Gabriela"]
[Result "1/2-1/2"]
[WhiteElo "2152"]
[BlackElo "1917"]
[PlyCount "83"]
[EventDate "2015.01.27"]
[EventType "swiss"]
[EventRounds "10"]
[EventCountry "GGB"]
[SourceTitle "CBM 165"]
[Source "ChessBase"]
[SourceDate "2015.03.11"]
[SourceVersion "1"]
[SourceVersionDate "2015.03.11"]
[SourceQuality "1"]

1. Nf3 Nf6 2. c4 g6 3. g3 Bg7 4. Bg2 0-0 5. 0-0 c5 6. Nc3 d5 7. cxd5 Nxd5 8. Nxd5 Qxd5 9. d3 Nc6 10. Be3 Qd6 11. Rc1 Nd4 12. Nxd4 cxd4 13. Bd2 Bg4 14. h3 Bd7 15. Qb3 Rfc8 16. Bb4 Qb6 17. Qa3 e5 18. Bd6 Rxc1 19. Rxc1 Rc8 20. Rxc8+ Bxc8 21. Qc5 Qxc5 22. Bxc5 b6 23. Bd6 Be6 24. a3 f6 25. Bb8 a6 26. Bc7 Bh6 27. f4 exf4 28. gxf4 b5 29. Kh2 Bc8 30. Kg3 Bg7 31. Bd5+ Kf8 32. Bd6+ Ke8 33. Bc5 f5 34. Bd6 Bf6 35. Bb4 Be7 36. Bxe7 Kxe7 37. h4 a5 38. b4 a4 39. Kf3 Be6 40. Bc6 Bd7 41. Bb7 Kd6 42. Kg3 1/2-1/2